Statistics for General Knowledge Quiz #54

Click here to take the quiz!

General Stats

  • This quiz has been taken 88,345 times
    (32,541 since last reset)
  • The average score is 14 of 20

Answer Stats

Question Answer % Correct
In what galaxy is our solar system located?The Milky Way
95%
What island do Cypriots come from?Cyprus
85%
What is either an exclusive sport or a Ralph Lauren brand?Polo
85%
What word can mean either "a student" or "a part of the eye"?Pupil
85%
According to a popular misconception, what animal buries its head in
the sand when threatened?
Ostrich
81%
If you order fromage at a French restaurant, what will you get?Cheese
80%
What type of tree do acorns come from?Oak
78%
What was the name for the system of racial segregation in South Africa prior to 1994?Apartheid 
77%
What substance is also known as "black gold"?Oil
75%
What Colombian dance fitness program is practiced by over 15 million people?Zumba
75%
What is the call sign of the plane carrying the U.S. president?Air Force One
71%
Who was the lead actor in the "Bourne" series?Matt Damon
70%
What word often follows blood, mandarin, and agent?Orange
70%
What metallic toxin is present in tunafish?Mercury
69%
What celebration marked the 60th year of Queen Elizabeth's reign?Diamond {Jubilee}
67%
What tool is used to measure atmospheric pressure?Barometer
67%
What two well-known minerals have a name that ends in Z?Quartz
38%
Who was the "Man of La Mancha"?Don Quixote
32%
What two well-known minerals have a name that ends in Z?Topaz
31%
What country has a population of over 150 million but has never won an Olympic medal?Bangladesh
27%

Score Distribution

Percentile by Number Answered

Percent of People with Each Score

Your Score History

You have not taken this quiz since the last reset